000 nam a22 7a 4500
999 _c12596
_d12596
003 OSt
005 20240703113559.0
008 240510b xxu||||| |||| 00| 0 eng d
020 _a9789558395431
040 _cNARA
082 _aSL R ME 012
100 _916978
_aBiodiversity Secretariat
245 _aNational policy on conservation and sustainable utilization of mangrove ecosystems in sri lanka:
_bශ්‍රී ලංකාවේ කඩොලාන පරිසර පද්ධති සංරක්ෂණ හා තිරසාර භාවිතය පිළිබඳ වූ ජාතික ප්‍රතිපත්තිය
260 _aColombo:
_bBiodiversity Secretariat,
_c2020.
300 _a10p.
_b21cm
650 0 _921681
_aNational Policy
650 0 _921733
_aSustainable Utilization
650 0 _9447
_aConservation
650 0 _915183
_a Mangrove Ecosystems
942 _2ddc
_cSL-R